Statystyki dla 60 największych stadionów w Polsce

Kliknij tutaj aby rozwiązać quiz!

Ogólne statystyki

  • Ten quiz został rozwiązany 72 razy
  • Średni wynik to 41 z 60

Statystyki odpowiedzi

MiejsceMiastoMiejsca siedząceKlub lub kraj% Poprawnych
9.Warszawa31,006Legia Warszawa
98%
26.Gdańsk11,811Lechia Gdańsk
95%
5.Gdańsk41,620Lechia Gdańsk
95%
3.Wrocław45,105Śląsk Wrocław
93%
37.Wrocław8,346Śląsk Wrocław
93%
21.Kraków15,016Cracovia
92%
4.Poznań42,837Lech Poznań
92%
43.Warszawa7,152Polonia Warszawa
92%
7.Kraków33,130Wisła Kraków
92%
19.Gdynia15,139Arka Gdynia
90%
8.Zabrze31,871Górnik Zabrze
90%
10.Białystok22,372Jagiellonia Białystok
90%
16.Kielce15,550Korona Kielce
90%
13.Łódź18,029ŁKS Łódź
90%
11.Szczecin21,163Pogoń Szczecin
90%
14.Łódź18,018Widzew Łódź
90%
23.Katowice14,896GKS Katowice
88%
46.Katowice6,710GKS Katowice
88%
33.Lublin9,818Motor Lublin
88%
17.Lublin15,247Motor Lublin
88%
22.Płock15,000Wisła Płock
88%
12.Bydgoszcz20,559Zawisza Bydgoszcz
87%
18.Tychy15,150GKS Tychy
85%
2.Chorzów54,378Polska
85%
1.Warszawa58,274Polska
85%
34.Chorzów9,300Ruch Chorzów
83%
42.Łęczna7,464Górnik Łęczna
82%
45.Mielec6,864Stal Mielec
82%
57.Bełchatów5,264GKS Bełchatów
80%
52.Bytom5,500Polonia Bytom
78%
15.Lubin16,086Zagłębie Lubin
78%
32.Gliwice10,037Piast Gliwice
77%
41.Sosnowiec7,500Zagłębie Sosnowiec
77%
27.Sosnowiec11,600Zagłębie Sosnowiec
77%
35.Radom8,840Radomiak Radom
73%
29.Rzeszów11,547Stal Rzeszów
73%
28.Opole11,600Odra Opole
72%
58.Opole5,060Odra Opole
72%
20.Bielsko-Biała15,076Podbeskidzie Bielsko-Biała
70%
39.Nowy Sącz8,111Sandecja Nowy Sącz
70%
24.Tarnów14,790Unia Tarnów
68%
51.Częstochowa5,500Raków Częstochowa
62%
47.Legnica6,156Miedź Legnica
60%
38.Kalisz8,166KKS Kalisz
53%
55.Grudziądz5,323Olimpia Grudziądz
53%
30.Bydgoszcz11,000Polonia Bydgoszcz
50%
31.Rybnik10,304ROW Rybnik
50%
50.Jastrzębie-Zdrój5,650GKS Jastrzębie
42%
36.Ostrowiec Świętokrzyski8,500KSZO Ostrowiec Świętokrzyski
42%
40.Zamość7,600Hetman Zamość
38%
44.Zielona Góra7,100Lechia Zielona Góra
35%
59.Radomsko5,000RKS Radomsko
27%
48.Racibórz6,000Unia Racibórz
23%
49.Jaworzno5,708Szczakowianka Jaworzno
22%
54.Grodzisk Wielkopolski5,383Dyskobolia Grodzisk Wielkopolski
17%
6.Warszawa35,000Warszawianka
15%
53.Kraków5,500Wawel Kraków
12%
56.Wronki5,296Błękitni Wronki
5%
25.Ostrów Wielkopolski12,000Ostrovia 1909
5%
60.Sopot5,000SKLA Sopot
0%

Rozkład punktacji

Percentyl według liczby udzielonych odpowiedzi

Procent ludzi z każdym wynikiem

Twoja historia wyników

Nie rozwiązałeś tego quizu